000 00465nam a2200133Ia 4500
008 231129s2004||||xx |||||||||||||| ||spa||
020 _a958-8128-06-4
040 _bspa
082 _a303.6 C748
245 0 _aConflicto y seguridad democratica en Colombia: Temas criticos y propuestas
260 _c2004
264 _aFundacion Social; Friedrich Ebert Stiftung en Colombia-FESCOL; Embajada de Alemania en Cbia
942 _2ddc
_cBKS
999 _c7913
_d7913